[Event "Polanica Zdroj op-C 58th"]
[Site "Polanica Zdroj"]
[Date "2022.08.15"]
[Round "3"]
[White "Wasik, Jozef"]
[Black "Szylko, Waldemar"]
[Result "0-1"]
[WhiteElo "1631"]
[BlackElo "1911"]
[PlyCount "65"]
[EventDate "2022.08.13"]
[EventType "swiss"]
[EventRounds "9"]
[EventCountry "POL"]
[SourceTitle "CBM 210 Extra"]
[Source "ChessBase"]
[SourceDate "2022.11.30"]
[SourceVersion "1"]
[SourceVersionDate "2022.11.30"]
[SourceQuality "1"]

1. Nf3 c6 2. g3 f5 3. Bg2 Nf6 4. 0-0 e6 5. d3 d5 6. Nbd2 Be7 7. e4 0-0 8. exd5 exd5 9. b3 f4 10. Bb2 fxg3 11. fxg3 Bg4 12. h3 Bh5 13. g4 Bg6 14. Ne5 Be8 15. g5 Nh5 16. Rxf8+ Bxf8 17. Qg4 Nd7 18. Ndf3 Nxe5 19. Nxe5 Qd6 20. Qh4 Qc5+ 21. Bd4 Qd6 22. Bf3 c5 23. Bb2 d4 24. Re1 g6 25. Bxb7 Rb8 26. Bf3 Bg7 27. Qe4 Rd8 28. Bxh5 gxh5 29. Bc1 Qe6 30. Kh2 Bb5 31. Bf4 Be8 32. Bc1 Bb5 33. Bf4 0-1

[Event "POL-ch Seniors"]
[Site "Szklarska Poreba"]
[Date "2022.05.20"]
[Round "9"]
[White "Wasik, Jozef"]
[Black "Czyz, Andrzej"]
[Result "1-0"]
[WhiteElo "1579"]
[BlackElo "1892"]
[PlyCount "69"]
[EventDate "2022.05.13"]
[EventType "swiss"]
[EventRounds "9"]
[EventCountry "POL"]
[SourceTitle "EXT 2024"]
[Source "ChessBase"]
[SourceDate "2023.10.10"]
[SourceVersion "1"]
[SourceVersionDate "2023.10.10"]
[SourceQuality "1"]

1. c4 e5 2. Nc3 Nf6 3. Nf3 Nc6 4. e4 Bb4 5. d3 a5 6. a3 Bc5 7. Nxe5 Bxf2+ 8. Kxf2 Nxe5 9. d4 Neg4+ 10. Kg1 d6 11. h3 Nh6 12. Bd3 Nhg8 13. Bg5 h6 14. Bh4 g5 15. Bg3 Be6 16. e5 dxe5 17. Bxe5 c6 18. Ne4 h5 19. Nd6+ Kf8 20. Nxb7 Qb6 21. Nc5 Qxb2 22. Qe1 Qb6 23. Rb1 Qd8 24. Nxe6+ fxe6 25. Kh2 Rh6 26. Rf1 Qd7 27. Qe3 g4 28. h4 g3+ 29. Qxg3 Ke8 30. Bg6+ Ke7 31. Qg5 Rxg6 32. Qxg6 Rf8 33. Kh1 Qe8 34. Rb7+ Nd7 35. Qg7+ 1-0

[Event "POL-ch Seniors"]
[Site "Szklarska Poreba"]
[Date "2022.05.17"]
[Round "7"]
[White "Bobrowski, Piotr"]
[Black "Wasik, Jozef"]
[Result "1-0"]
[WhiteElo "1778"]
[BlackElo "1579"]
[PlyCount "107"]
[EventDate "2022.05.13"]
[EventType "swiss"]
[EventRounds "9"]
[EventCountry "POL"]
[SourceTitle "EXT 2024"]
[Source "ChessBase"]
[SourceDate "2023.10.10"]
[SourceVersion "1"]
[SourceVersionDate "2023.10.10"]
[SourceQuality "1"]

1. c4 c6 2. d4 d5 3. e3 Bf5 4. Nc3 e6 5. Bd2 Nf6 6. c5 Nbd7 7. f3 h6 8. g4 Bg6 9. h4 e5 10. Kf2 Be7 11. Kg2 Qc7 12. Be1 exd4 13. exd4 b6 14. b4 a5 15. a3 axb4 16. axb4 Rxa1 17. Qxa1 0-0 18. Nh3 bxc5 19. bxc5 Qb7 20. Nf4 Ra8 21. Qc1 Bh7 22. Bd3 Bxd3 23. Nxd3 Qa6 24. Nb4 Qb7 25. Nc2 Nh7 26. Bf2 Bf8 27. Qd2 g6 28. Rb1 Qc8 29. Qc1 Rb8 30. Rxb8 Qxb8 31. Qb1 Qc8 32. Qc1 Bg7 33. Be3 h5 34. g5 Ndf8 35. Ne2 Ne6 36. Nf4 Nhf8 37. Qd2 Nxf4+ 38. Bxf4 Ne6 39. Be3 Qc7 40. f4 Nf8 41. Qd3 Qd7 42. Qe2 Kh7 43. Qf3 Ne6 44. f5 Nd8 45. f6 Bf8 46. Ne1 Ne6 47. Nd3 Kg8 48. Ne5 Qb7 49. Qf2 Nd8 50. Qc2 Qb4 51. Nxg6 Ne6 52. Ne7+ Kh8 53. Nxc6 Qa3 54. Qe2 1-0

[Event "POL-ch Seniors"]
[Site "Szklarska Poreba"]
[Date "2022.05.15"]
[Round "4"]
[White "Biel, Maciej"]
[Black "Wasik, Jozef"]
[Result "0-1"]
[WhiteElo "1372"]
[BlackElo "1579"]
[PlyCount "68"]
[EventDate "2022.05.13"]
[EventType "swiss"]
[EventRounds "9"]
[EventCountry "POL"]
[SourceTitle "EXT 2024"]
[Source "ChessBase"]
[SourceDate "2023.10.10"]
[SourceVersion "1"]
[SourceVersionDate "2023.10.10"]
[SourceQuality "1"]

1. e4 c5 2. d3 Nc6 3. Nf3 g6 4. g3 Bg7 5. Bg2 Nf6 6. 0-0 0-0 7. Re1 d6 8. c3 Rb8 9. h3 b5 10. d4 Qb6 11. Bf4 Nd7 12. dxc5 Nxc5 13. Be3 Qc7 14. Nd4 Ne5 15. f4 Nc4 16. Qc2 Nxe3 17. Rxe3 Ne6 18. Nxe6 Bxe6 19. Nd2 Bd4 20. Qd3 Bxe3+ 21. Qxe3 Qb6 22. Qxb6 Rxb6 23. Nf3 b4 24. cxb4 Rxb4 25. b3 Rxe4 26. Ng5 Re2 27. Bf1 Rd2 28. Ne4 Rd4 29. Nc3 Rc8 30. Nb5 Rd2 31. Nxa7 Rcc2 32. a4 Bd5 33. Re1 Rh2 34. Be2 Rcxe2 0-1

[Event "Rubinstein Memorial op-C 57th"]
[Site "Polanica Zdroj"]
[Date "2021.08.14"]
[Round "1"]
[White "Kulon, Boguslaw"]
[Black "Wasik, Jozef"]
[Result "1-0"]
[WhiteElo "2117"]
[BlackElo "1633"]
[PlyCount "79"]
[EventDate "2021.08.14"]
[EventType "swiss"]
[EventRounds "9"]
[EventCountry "POL"]
[SourceTitle "EXT 2023"]
[Source "ChessBase"]
[SourceDate "2022.10.05"]
[SourceVersion "1"]
[SourceVersionDate "2022.10.05"]
[SourceQuality "1"]

1. Nf3 d5 2. c4 c6 3. d4 e6 4. Nc3 f5 5. g3 Nf6 6. Bg2 Bd6 7. 0-0 0-0 8. Bg5 Nbd7 9. Qd3 h6 10. Bf4 Bxf4 11. gxf4 Ne4 12. Rad1 Qa5 13. Ne5 Nxe5 14. fxe5 Nxc3 15. bxc3 Qxa2 16. cxd5 cxd5 17. Ra1 Qc4 18. Qxc4 dxc4 19. Rfb1 Rf7 20. f4 a6 21. d5 Ra7 22. Rb6 Re7 23. d6 Rd7 24. Ra5 Rd8 25. e4 fxe4 26. Bxe4 Kf8 27. Kf2 Ke8 28. Ke3 Kd7 29. Rc5 a5 30. Rc7+ Ke8 31. Rxg7 a4 32. Rg8+ Kd7 33. Rg7+ Ke8 34. Bb1 a3 35. Ba2 Ra8 36. f5 Kf8 37. Rh7 Kg8 38. Re7 exf5 39. Bxc4+ Kh8 40. d7 1-0

[Event "Polanica Zdroj op-B 56th"]
[Site "Polanica Zdroj"]
[Date "2020.08.23"]
[Round "9"]
[White "Wasik, Jozef"]
[Black "Bartczak, Hanna"]
[Result "1-0"]
[WhiteElo "1646"]
[BlackElo "1416"]
[PlyCount "65"]
[EventDate "2020.08.15"]
[EventType "swiss"]
[EventRounds "9"]
[EventCountry "POL"]
[SourceTitle "CBM 198 Extra"]
[Source "ChessBase"]
[SourceDate "2020.11.30"]
[SourceVersion "1"]
[SourceVersionDate "2020.11.30"]
[SourceQuality "1"]

1. d4 f5 2. Nf3 Nf6 3. Bf4 e6 4. e3 d5 5. Be2 c6 6. 0-0 Be7 7. Ne5 0-0 8. c4 Nbd7 9. Nc3 Nxe5 10. Bxe5 Bd6 11. Bxd6 Qxd6 12. c5 Qc7 13. f4 Bd7 14. b4 Ne4 15. Nxe4 fxe4 16. a4 Rf6 17. Qb3 Raf8 18. b5 Qd8 19. a5 g5 20. g3 gxf4 21. exf4 cxb5 22. Bxb5 a6 23. Bxd7 Qxd7 24. Rab1 R8f7 25. Rf2 Rg6 26. Kf1 Rgg7 27. Rc2 Qe8 28. c6 Qa8 29. Rcb2 bxc6 30. Qb8+ Rf8 31. Qd6 Kf7 32. Rb7+ Kf6 33. Qe5+ 1-0

[Event "SVK-ch op"]
[Site "Banska Stiavnica"]
[Date "2015.07.11"]
[Round "8"]
[White "Mulenko, Alexander"]
[Black "Wasik, Jozef"]
[Result "1-0"]
[WhiteElo "2001"]
[BlackElo "1849"]
[PlyCount "61"]
[EventDate "2015.07.04"]
[EventType "swiss"]
[EventRounds "9"]
[EventCountry "SVK"]
[SourceTitle "CBM 167 Extra"]
[Source "ChessBase"]
[SourceDate "2015.09.14"]
[SourceVersion "1"]
[SourceVersionDate "2015.09.14"]
[SourceQuality "1"]

1. Nf3 d5 2. c4 c6 3. d4 Nf6 4. Nc3 g6 5. cxd5 cxd5 6. Qb3 Bg7 7. Bg5 e6 8. e3 0-0 9. Be2 Nc6 10. 0-0 Qb6 11. Qxb6 axb6 12. Rfc1 Nd7 13. Bf4 f6 14. Bg3 Re8 15. Nb5 Ra4 16. Nc7 Re7 17. Bd6 Rf7 18. Nxe6 Nf8 19. Nxg7 Kxg7 20. Bb5 Ra8 21. Bxc6 bxc6 22. Bxf8+ Kxf8 23. Rxc6 Bb7 24. Rc3 Ke8 25. a3 Kd8 26. Rac1 Rc8 27. Kf1 Ba6+ 28. Ke1 Rxc3 29. Rxc3 Rc7 30. Kd2 Rxc3 31. Kxc3 1-0

[Event "SVK-ch op"]
[Site "Banska Stiavnica"]
[Date "2015.07.08"]
[Round "5"]
[White "Wasik, Jozef"]
[Black "Cibikova, Sofia Anna"]
[Result "1/2-1/2"]
[WhiteElo "1849"]
[BlackElo "1645"]
[PlyCount "68"]
[EventDate "2015.07.04"]
[EventType "swiss"]
[EventRounds "9"]
[EventCountry "SVK"]
[SourceTitle "CBM 167 Extra"]
[Source "ChessBase"]
[SourceDate "2015.09.14"]
[SourceVersion "1"]
[SourceVersionDate "2015.09.14"]
[SourceQuality "1"]

1. d4 d5 2. Bf4 Nf6 3. e3 e6 4. Nd2 c5 5. c3 Nbd7 6. Bd3 Be7 7. h3 0-0 8. Ngf3 b6 9. Ne5 Bb7 10. Qf3 Rc8 11. g4 Nxe5 12. dxe5 Nd7 13. g5 Qc7 14. Qg3 c4 15. Bb1 d4 16. Be4 Nc5 17. Bxb7 Qxb7 18. 0-0 d3 19. f3 b5 20. a3 Qb6 21. Rab1 Rfd8 22. Kf2 Qa6 23. h4 Qa4 24. Kg1 Qc2 25. Rfd1 Nb3 26. Ne4 d2 27. Nf6+ Bxf6 28. gxf6 Qg6 29. Qxg6 hxg6 30. e4 Rd3 31. Kf2 Rcd8 32. Ke2 gxf6 33. exf6 a5 34. h5 a4 1/2-1/2

[Event "SVK-ch op"]
[Site "Banska Stiavnica"]
[Date "2015.07.07"]
[Round "4"]
[White "Hudec, Timotej"]
[Black "Wasik, Jozef"]
[Result "1/2-1/2"]
[WhiteElo "1685"]
[BlackElo "1849"]
[PlyCount "83"]
[EventDate "2015.07.04"]
[EventType "swiss"]
[EventRounds "9"]
[EventCountry "SVK"]
[SourceTitle "CBM 167 Extra"]
[Source "ChessBase"]
[SourceDate "2015.09.14"]
[SourceVersion "1"]
[SourceVersionDate "2015.09.14"]
[SourceQuality "1"]

1. d4 d5 2. c4 c6 3. Nc3 dxc4 4. e3 b5 5. a4 b4 6. Ne4 Qd5 7. Ng3 Ba6 8. Nf3 e6 9. Qc2 c3 10. Bxa6 cxb2 11. Bxb2 Nxa6 12. e4 b3 13. Qc3 Qd6 14. Ba3 Qc7 15. Bxf8 Kxf8 16. 0-0 b2 17. Qxb2 f6 18. Rfc1 Ne7 19. Qb3 Kf7 20. Qc4 Qa5 21. Rab1 Rab8 22. e5 Nc7 23. Ne4 Rhd8 24. Nd6+ Kf8 25. g4 h6 26. Ne4 Qd5 27. Qxd5 Ncxd5 28. Nc5 Kf7 29. a5 f5 30. gxf5 Nxf5 31. a6 Rxb1 32. Rxb1 Nb6 33. Kf1 Ke7 34. Rd1 Nd5 35. Rb1 Nb6 36. Rb4 g5 37. h3 Kf7 38. Ke2 Ng7 39. Ne4 Rd5 40. Nd6+ Ke7 41. Nc4 Nxc4 42. Rxc4 1/2-1/2

[Event "SVK-ch op"]
[Site "Banska Stiavnica"]
[Date "2015.07.05"]
[Round "2"]
[White "Jancsy, Peter"]
[Black "Wasik, Jozef"]
[Result "0-1"]
[WhiteElo "1598"]
[BlackElo "1849"]
[PlyCount "96"]
[EventDate "2015.07.04"]
[EventType "swiss"]
[EventRounds "9"]
[EventCountry "SVK"]
[SourceTitle "CBM 167 Extra"]
[Source "ChessBase"]
[SourceDate "2015.09.14"]
[SourceVersion "1"]
[SourceVersionDate "2015.09.14"]
[SourceQuality "1"]

1. e4 c6 2. d4 d5 3. Nc3 dxe4 4. Nxe4 Nd7 5. Nf3 Ngf6 6. Bd3 Nxe4 7. Bxe4 Nf6 8. Qe2 Nxe4 9. Qxe4 Qd5 10. Qxd5 cxd5 11. 0-0 Bf5 12. c3 e6 13. Bf4 Be7 14. h3 h6 15. Rfe1 0-0 16. Ne5 Rfd8 17. Re2 Bd6 18. Bh2 b5 19. a3 a5 20. Nf3 Be7 21. Bg3 b4 22. Ne5 bxc3 23. bxc3 Rdc8 24. Re3 Bg5 25. f4 Be7 26. Be1 a4 27. g4 Bh7 28. Nd3 Bxd3 29. Rxd3 Rab8 30. Re3 Bd6 31. Bg3 Rb3 32. f5 Bxg3 33. Rxg3 Rcxc3 34. Rxc3 Rxc3 35. Kg2 Kf8 36. fxe6 fxe6 37. Rf1+ Ke7 38. Rf3 Rxf3 39. Kxf3 Kd6 40. Ke3 e5 41. dxe5+ Kxe5 42. h4 d4+ 43. Kd3 Kd5 44. g5 h5 45. g6 Kc5 46. Kc2 Kc4 47. Kb2 Kd3 48. Kc1 Ke2 0-1

[Event "Liberec op 15th"]
[Site "Liberec"]
[Date "2015.02.15"]
[Round "2"]
[White "Wasik, Jozef"]
[Black "Wolf, Andreas"]
[Result "1-0"]
[WhiteElo "1834"]
[BlackElo "2035"]
[PlyCount "87"]
[EventDate "2015.02.14"]
[EventType "swiss"]
[EventRounds "9"]
[EventCountry "CZE"]
[SourceTitle "CBM 164 Extra"]
[Source "ChessBase"]
[SourceDate "2015.03.02"]
[SourceVersion "1"]
[SourceVersionDate "2015.03.02"]
[SourceQuality "1"]

1. d4 Nf6 2. Bf4 e6 3. e3 d5 4. Nd2 Bd6 5. Bg3 c6 6. Bd3 Bxg3 7. hxg3 Nbd7 8. Ngf3 Qe7 9. Ne5 Nxe5 10. dxe5 Nd7 11. f4 Qb4 12. Rb1 g6 13. c3 Qb6 14. Qe2 Nc5 15. Bc2 a5 16. Kf2 Bd7 17. Nf3 Qa6 18. Qd2 h6 19. Qd4 Qa7 20. Ng5 Ke7 21. Nf3 b5 22. g4 Qb6 23. Nd2 Rab8 24. f5 exf5 25. gxf5 Ne4+ 26. Bxe4 Qxd4 27. f6+ Kd8 28. exd4 dxe4 29. Nxe4 Bf5 30. Nd6 Be6 31. b3 Kc7 32. c4 bxc4 33. bxc4 h5 34. Rhd1 Bg4 35. Rdc1 Be6 36. d5 Bf5 37. Rxb8 Rxb8 38. Nxf7 cxd5 39. cxd5+ Kd7 40. Ng5 Rb2+ 41. Kg1 Rb8 42. e6+ Kd6 43. f7 Rh8 44. Nh7 1-0

[Event "Graz Casino op-B"]
[Site "Graz"]
[Date "2014.02.19"]
[Round "7"]
[White "Wasik, Jozef"]
[Black "Wenger, Klaus"]
[Result "0-1"]
[WhiteElo "1776"]
[BlackElo "1896"]
[PlyCount "20"]
[EventDate "2014.02.14"]
[EventType "swiss"]
[EventRounds "9"]
[EventCountry "AUT"]
[SourceTitle "CBM 158 Extra"]
[Source "ChessBase"]
[SourceDate "2014.02.28"]
[SourceVersion "1"]
[SourceVersionDate "2014.02.28"]
[SourceQuality "1"]

1. Nf3 Nf6 2. c4 g6 3. d4 c5 4. Nc3 Bg7 5. g3 0-0 6. Bg2 cxd4 7. Nxd4 Nc6 8. e4 Nxd4 9. Qxd4 d6 10. b3 Nxe4 0-1

[Event "Hradec Kralove op"]
[Site "Hradec Kralove"]
[Date "2013.05.20"]
[Round "8"]
[White "Smolik, Boris"]
[Black "Wasik, Jozef"]
[Result "1-0"]
[WhiteElo "1978"]
[BlackElo "1821"]
[PlyCount "67"]
[EventDate "2013.05.15"]
[EventType "swiss"]
[EventRounds "9"]
[EventCountry "CZE"]
[SourceTitle "EXT 2014"]
[Source "ChessBase"]
[SourceDate "2013.11.20"]
[SourceVersion "1"]
[SourceVersionDate "2013.11.20"]
[SourceQuality "1"]

1. e4 c6 2. d4 d5 3. Nc3 dxe4 4. Nxe4 Bf5 5. Ng3 Bg6 6. h4 h6 7. Nf3 Nd7 8. h5 Bh7 9. Bd3 Bxd3 10. Qxd3 e6 11. Bf4 Qa5+ 12. Bd2 Bb4 13. c3 Be7 14. a3 Ngf6 15. c4 Qc7 16. Bc3 0-0 17. Ne5 Rad8 18. f4 c5 19. Qe2 cxd4 20. Bxd4 Nxe5 21. Bxe5 Qb6 22. b4 Nd7 23. c5 Nxc5 24. bxc5 Qa5+ 25. Kf1 Rd2 26. Qg4 g6 27. hxg6 f5 28. Rxh6 Rf2+ 29. Kg1 Bf6 30. Bxf6 Rxf6 31. Rh8+ Kxh8 32. Qh4+ Kg7 33. Qh7+ Kf8 34. g7+ 1-0

[Event "Hradec Kralove op"]
[Site "Hradec Kralove"]
[Date "2013.05.19"]
[Round "7"]
[White "Wasik, Jozef"]
[Black "Kolibik, Jan"]
[Result "1-0"]
[WhiteElo "1821"]
[BlackElo "1701"]
[PlyCount "79"]
[EventDate "2013.05.15"]
[EventType "swiss"]
[EventRounds "9"]
[EventCountry "CZE"]
[SourceTitle "EXT 2014"]
[Source "ChessBase"]
[SourceDate "2013.11.20"]
[SourceVersion "1"]
[SourceVersionDate "2013.11.20"]
[SourceQuality "1"]

1. c4 e5 2. Nc3 Nf6 3. e3 Bb4 4. Nge2 0-0 5. a3 Bxc3 6. Nxc3 c6 7. Be2 d6 8. 0-0 Be6 9. b4 Nbd7 10. Bb2 Qc7 11. f4 exf4 12. exf4 Nb6 13. d3 Rad8 14. Qe1 Bg4 15. Bxg4 Nxg4 16. Ne4 f5 17. Ng5 Rde8 18. Qh4 h6 19. Nf3 Re2 20. Bc3 Qf7 21. Rfe1 Rfe8 22. h3 Nf2 23. Rxe2 Rxe2 24. Re1 Rxe1+ 25. Nxe1 Nd1 26. Bd4 Na4 27. Qd8+ Qf8 28. Qxf8+ Kxf8 29. Bxa7 Nac3 30. Kf1 Ke7 31. Bd4 g6 32. Nc2 Na4 33. Ke1 Ndb2 34. Kd2 c5 35. Bg7 h5 36. Ne3 Kf7 37. Bh8 Kg8 38. Bf6 Kf7 39. Nd5 cxb4 40. axb4 1-0

[Event "Hradec Kralove op"]
[Site "Hradec Kralove"]
[Date "2013.05.18"]
[Round "5"]
[White "Wasik, Jozef"]
[Black "Nemcova, Karin"]
[Result "1-0"]
[WhiteElo "1821"]
[BlackElo "1659"]
[PlyCount "47"]
[EventDate "2013.05.15"]
[EventType "swiss"]
[EventRounds "9"]
[EventCountry "CZE"]
[SourceTitle "CBM 154 Extra"]
[Source "ChessBase"]
[SourceDate "2013.06.25"]
[SourceVersion "2"]
[SourceVersionDate "2013.06.25"]
[SourceQuality "1"]

1. c4 d5 2. cxd5 Qxd5 3. Nc3 Qa5 4. d4 c6 5. e4 Nf6 6. Bd3 Nbd7 7. e5 Nd5 8. Bd2 e6 9. Nf3 Be7 10. h4 Qd8 11. Ng5 N7b6 12. Qf3 Bxg5 13. hxg5 Qe7 14. Ne4 Kd7 15. Nd6 a5 16. a3 Ra7 17. Rxh7 Rxh7 18. Bxh7 Na4 19. 0-0-0 b5 20. Bc2 Nab6 21. Rh1 Ba6 22. Rh7 b4 23. Rxg7 Kd8 24. Rxf7 1-0

[Event "Novy Bor op-A"]
[Site "Novy Bor"]
[Date "2013.02.13"]
[Round "6"]
[White "Koziol, Kamil"]
[Black "Wasik, Jozef"]
[Result "1-0"]
[WhiteElo "2000"]
[BlackElo "1828"]
[PlyCount "63"]
[EventDate "2013.02.09"]
[EventType "swiss"]
[EventRounds "9"]
[EventCountry "CZE"]
[SourceTitle "CBM 152 Extra"]
[Source "ChessBase"]
[SourceDate "2013.02.25"]
[SourceVersion "1"]
[SourceVersionDate "2013.02.25"]
[SourceQuality "1"]

1. d4 d5 2. Nc3 Nf6 3. Bg5 Bf5 4. f3 Nbd7 5. e3 c6 6. Bd3 Bxd3 7. Qxd3 e6 8. e4 Qb6 9. e5 h6 10. Be3 Ng8 11. 0-0-0 Bb4 12. Nge2 Ne7 13. g4 Qa5 14. a3 Bxc3 15. Nxc3 b5 16. Na2 Qc7 17. f4 Nb6 18. f5 0-0-0 19. fxe6 fxe6 20. Bd2 Kb7 21. Bb4 Nbc8 22. Kb1 Rdf8 23. Rhf1 Qd8 24. Nc1 Rxf1 25. Rxf1 Rf8 26. Nb3 Rxf1+ 27. Qxf1 Qg8 28. Nc5+ Kb6 29. Nb3 a6 30. a4 Qh7 31. Qf8 Qg8 32. Bxe7 1-0

[Event "Novy Bor op-A"]
[Site "Novy Bor"]
[Date "2013.02.09"]
[Round "1"]
[White "Wasik, Jozef"]
[Black "Vrana, Jan"]
[Result "0-1"]
[WhiteElo "1828"]
[BlackElo "2275"]
[PlyCount "62"]
[EventDate "2013.02.09"]
[EventType "swiss"]
[EventRounds "9"]
[EventCountry "CZE"]
[SourceTitle "CBM 152 Extra"]
[Source "ChessBase"]
[SourceDate "2013.02.25"]
[SourceVersion "1"]
[SourceVersionDate "2013.02.25"]
[SourceQuality "1"]

1. c4 e6 2. Nf3 d5 3. g3 dxc4 4. Bg2 Nf6 5. 0-0 Nbd7 6. Qc2 a6 7. a4 Rb8 8. Qxc4 b5 9. axb5 axb5 10. Qc2 c5 11. d3 Bd6 12. Na3 0-0 13. b3 Qb6 14. Bb2 Bb7 15. e4 Be7 16. h3 Rbc8 17. Qe2 Rfd8 18. Rfd1 Bc6 19. Nd2 Nf8 20. Nc2 N6d7 21. d4 Bb7 22. dxc5 Bxc5 23. Ne3 Bxe3 24. Qxe3 Qxe3 25. fxe3 Rc2 26. Bc1 Ne5 27. Ra7 Bc6 28. Ra1 h5 29. Kf1 b4 30. Ke1 Nd3+ 31. Ke2 Bb5 0-1

[Event "Krakow op-B 23rd"]
[Site "Krakow"]
[Date "2013.01.04"]
[Round "9"]
[White "Wasik, Jozef"]
[Black "Bartoszewicz, Marcin"]
[Result "0-1"]
[WhiteElo "1844"]
[BlackElo "1937"]
[PlyCount "78"]
[EventDate "2012.12.27"]
[EventType "swiss"]
[EventRounds "9"]
[EventCountry "POL"]
[SourceTitle "CBM 152 Extra"]
[Source "ChessBase"]
[SourceDate "2013.02.25"]
[SourceVersion "1"]
[SourceVersionDate "2013.02.25"]
[SourceQuality "1"]

1. d4 Nf6 2. c4 g6 3. Nc3 Bg7 4. e4 d6 5. f4 0-0 6. Nf3 c5 7. d5 e6 8. Be2 exd5 9. cxd5 Re8 10. Nd2 Na6 11. 0-0 Nc7 12. a4 a6 13. Qc2 Rb8 14. a5 b5 15. axb6 Rxb6 16. Nc4 Rb4 17. Bd2 Ng4 18. Nd1 Bd4+ 19. Kh1 Nxh2 20. Be3 Nxf1 21. Bxf1 Bxe3 22. Ndxe3 Qh4+ 23. Kg1 Qxf4 24. Bd3 Nb5 25. Rf1 Qh4 26. e5 dxe5 27. Nb6 Qd4 28. Qf2 f5 29. Nxc8 Rxc8 30. Bxf5 gxf5 31. Qxf5 Qxe3+ 32. Rf2 Rf4 33. Qxc8+ Kg7 34. Qd7+ Kg6 35. Qe8+ Kf5 36. Qh5+ Ke4 37. Qxh7+ Kxd5 38. Qb7+ Kc4 39. b3+ Kb4 0-1

[Event "Krakow op-B 23rd"]
[Site "Krakow"]
[Date "2012.12.28"]
[Round "2"]
[White "Parol, Pola"]
[Black "Wasik, Jozef"]
[Result "1-0"]
[WhiteElo "1549"]
[BlackElo "1844"]
[PlyCount "55"]
[EventDate "2012.12.27"]
[EventType "swiss"]
[EventRounds "9"]
[EventCountry "POL"]
[SourceTitle "CBM 152 Extra"]
[Source "ChessBase"]
[SourceDate "2013.02.25"]
[SourceVersion "1"]
[SourceVersionDate "2013.02.25"]
[SourceQuality "1"]

1. e4 c6 2. d4 d5 3. Nc3 dxe4 4. Nxe4 Nf6 5. Ng3 h5 6. h4 Bg4 7. Be2 Bxe2 8. N1xe2 e6 9. Bg5 Be7 10. Nf4 g6 11. Qd3 Nd5 12. Nxd5 Bxg5 13. hxg5 cxd5 14. f4 Qb6 15. Qb3 Qc7 16. Ne2 Nc6 17. g4 0-0-0 18. gxh5 Rxh5 19. Rxh5 gxh5 20. 0-0-0 Kb8 21. Kb1 Ne7 22. Rh1 Rh8 23. Qf3 h4 24. Ng3 Ng6 25. Ne2 Qd7 26. Nc3 Ne7 27. Qe3 a6 28. Qe5+ 1-0

[Event "Senica op 3rd"]
[Site "Senica"]
[Date "2011.08.22"]
[Round "2"]
[White "Wasik, Jozef"]
[Black "Aglave, Arnaud"]
[Result "0-1"]
[WhiteElo "1838"]
[BlackElo "2081"]
[PlyCount "102"]
[EventDate "2011.08.21"]
[EventType "swiss"]
[EventRounds "9"]
[EventCountry "SVK"]
[SourceTitle "CBM 144 Extra"]
[Source "ChessBase"]
[SourceDate "2011.10.28"]
[SourceVersion "1"]
[SourceVersionDate "2011.10.28"]
[SourceQuality "1"]

1. e4 Nf6 2. Nc3 d5 3. e5 Nfd7 4. d4 e6 5. f4 c5 6. Nf3 Nc6 7. Ne2 cxd4 8. Nexd4 Be7 9. c3 a6 10. Bd3 Qc7 11. 0-0 b5 12. Be3 g6 13. Rc1 Na5 14. b3 Bb7 15. a4 bxa4 16. b4 Nc4 17. Bxc4 Qxc4 18. Qxa4 a5 19. Qd1 0-0 20. Bd2 Rfc8 21. g4 Ba6 22. Re1 Qc7 23. f5 axb4 24. cxb4 Qb6 25. Qa4 Rxc1 26. Rxc1 Nxe5 27. Kg2 Bb7 28. Qb3 Nxf3 29. Nxf3 d4 30. fxe6 fxe6 31. Kh3 Bd5 32. Qd3 Rf8 33. Ne5 Qd6 34. Re1 g5 35. Re4 Bf6 36. Nf3 Bxe4 37. Qxe4 Qd5 38. Qxd5 exd5 39. Nxg5 Bxg5 40. Bxg5 Rf3+ 41. Kg2 Rb3 42. Be7 Kf7 43. Bc5 Ke6 44. h4 Ke5 45. Kf2 Ke4 46. g5 Rh3 47. Ke1 Rh2 48. Be7 Rxh4 49. b5 Rh1+ 50. Kd2 Rb1 51. g6 hxg6 0-1

[Event "Nove Zamky op"]
[Site "Nove Zamky"]
[Date "2010.08.14"]
[Round "5"]
[White "Wasik, Jozef"]
[Black "Szeko, Ludovit"]
[Result "0-1"]
[WhiteElo "1846"]
[BlackElo "2107"]
[PlyCount "88"]
[EventDate "2010.08.11"]
[EventType "swiss"]
[EventRounds "7"]
[EventCountry "SVK"]
[SourceTitle "CBM 137 Extra"]
[Source "ChessBase"]
[SourceDate "2010.09.01"]
[SourceVersion "1"]
[SourceVersionDate "2010.09.01"]
[SourceQuality "1"]

1. c3 Nf6 2. d4 g6 3. Nf3 Bg7 4. Bf4 d6 5. e3 Nh5 6. Bg5 h6 7. Bh4 0-0 8. Be2 c6 9. 0-0 Qc7 10. Nbd2 e5 11. Ne1 Nf6 12. h3 Re8 13. dxe5 dxe5 14. Bg3 Nbd7 15. Nd3 Nd5 16. a4 Kh7 17. e4 Nf4 18. Bxf4 exf4 19. Bf3 Nf8 20. a5 f5 21. Re1 Rd8 22. Nc5 Rb8 23. Qc2 Qd6 24. Ncb3 Qd3 25. Qxd3 Rxd3 26. Rad1 b6 27. exf5 Bxf5 28. a6 c5 29. Re7 Rd7 30. Rde1 Rbd8 31. Rxd7 Rxd7 32. Re8 Bd3 33. Bb7 g5 34. Ra8 Ng6 35. c4 f3 36. Rxa7 fxg2 37. Ra8 Re7 38. a7 Re1+ 39. Kxg2 Nh4+ 40. Kg3 Be5+ 41. f4 Bxf4+ 42. Kf2 Re2+ 43. Kg1 Be3+ 44. Kf1 Rg2+ 0-1

[Event "Tabor op"]
[Site "Tabor"]
[Date "2010.08.02"]
[Round "3"]
[White "Pravdik, Kamil"]
[Black "Wasik, Jozef"]
[Result "1-0"]
[WhiteElo "2043"]
[BlackElo "1846"]
[PlyCount "67"]
[EventDate "2010.08.01"]
[EventType "swiss"]
[EventRounds "9"]
[EventCountry "CZE"]
[SourceTitle "EXT 2012"]
[Source "ChessBase"]
[SourceDate "2011.11.24"]
[SourceVersion "1"]
[SourceVersionDate "2011.11.24"]
[SourceQuality "1"]

1. e4 c6 2. d4 d5 3. Nd2 g6 4. Ngf3 Bg7 5. Be2 dxe4 6. Nxe4 Bf5 7. Ng3 Be6 8. 0-0 Nf6 9. Re1 0-0 10. c4 Qc7 11. Ng5 Bc8 12. Be3 e5 13. dxe5 Qxe5 14. Qd2 Nbd7 15. Bf4 Qc5 16. Bd6 Qb6 17. Bxf8 Nxf8 18. Rad1 Bh6 19. h4 Ne6 20. Qc3 Bg7 21. Qa3 c5 22. Bf3 Nd4 23. Bd5 h6 24. Bxf7+ Kf8 25. Rxd4 hxg5 26. Bxg6 Kg8 27. Rd2 gxh4 28. Ne4 Nxe4 29. Bxe4 Bd4 30. Bd5+ Kf8 31. Qf3+ Qf6 32. Rde2 Bd7 33. Re7 Bc6 34. Rf7+ 1-0